| 000 | 00509 a2200193 4500 | ||
|---|---|---|---|
| 005 | 20260406124445.0 | ||
| 008 | 260406b |||||||| |||| 00| 0 eng d | ||
| 020 |
_a9789359115528 _cRs. 1199.00 |
||
| 040 | _aMAIN | ||
| 082 |
_a346.048 _bA15M |
||
| 100 | _aAgarwal, Dhanpat Ram | ||
| 245 | _aMonograph on IPR laws and IP management | ||
| 260 |
_bWalnut Publication _c2025 _aNoida |
||
| 300 | _axviii, 254 | ||
| 650 | _aLaw | ||
| 650 | _aIntellectual Property Law | ||
| 650 | _aTrademarks | ||
| 942 | _cBK | ||
| 999 |
_c397009 _d397009 |
||